[Event "38th Junior"]
[Site "Hallsberg SWE"]
[Date "2003.01.04"]
[Round "8"]
[White "Nestorow,M"]
[Black "Olsson,L"]
[Result "1/2-1/2"]
[WhiteElo "2050"]
[BlackElo "2291"]

1.d4 Nf6 2.c4 c5 3.d5 e6 4.Nc3 exd5 5.cxd5 d6 6.Nf3 g6 7.Bf4 Bg7 8.Qa4+ Bd7
9.Qb3 Qc7 10.e4 Nh5 11.Be3 O-O 12.Nd2 Na6 13.Be2 Rab8 14.O-O Rfe8 15.Qd1 Nf6
16.a4 Nb4 17.Bf4 Bf8 18.Nb5 Bxb5 19.Bxb5 Rec8 20.h3 a6 21.Be2 Re8 22.Bf3 b5
23.Qb1 Bg7 24.axb5 axb5 25.Nb3 Nd7 26.Bd2 Ne5 27.Be2 Qe7 28.Bxb4 cxb4 29.Na5 Qh4
30.f4 Nd7 31.Nc6 Rb7 32.Nxb4 Nf6 33.Bd3 Nh5 34.Qe1 Bd4+ 35.Kh2 Qf6 36.g3 Bxb2
37.Rb1 Bc3 38.Qe3 Ra8 39.Qe2 Rba7 40.Rf2 Ra1 41.Nc6 Rxb1 42.Bxb1 b4 43.e5 dxe5
44.fxe5 Qg5 45.g4 Ng7 46.d6 Ne6 47.Qe4 Rf8 48.Ba2 Nd8 49.e6 Nxc6 50.exf7+ Kg7
51.Qxc6 Qe3 52.Qf3 Qe5+ 53.Kg2 Qxd6 54.Bb3  1/2-1/2

[Event "Australian Open"]
[Site "Penrith AUS"]
[Date "2003.01.04"]
[Round "5"]
[White "Nielsen,JF"]
[Black "Smerdon,D"]
[Result "0-1"]
[WhiteElo "2103"]
[BlackElo "2436"]

1.d4 Nf6 2.c4 c5 3.d5 e6 4.Nc3 exd5 5.cxd5 d6 6.Nf3 g6 7.Bf4 a6 8.a4 Bg7
9.h3 O-O 10.Nd2 Re8 11.Qb3 Qa5 12.Bxd6 Ne4 13.Ncxe4 Rxe4 14.Bxc5 Nd7 15.Bd6 Rd4
16.Rd1 Qxd5 17.Qxd5 Rxd5 18.Ba3 Nf6 19.g3 Bd7 20.Bg2 Rd4 21.b3 Be6 22.Bb2 Rd7
23.Nc4 Rxd1+ 24.Kxd1 Rd8+ 25.Kc2 Bf5+ 26.Kc1 b5 27.axb5 axb5 28.Ne3 Rc8+
29.Kd2 Rd8+ 30.Kc1 Rc8+ 31.Kd2 Ne4+ 32.Bxe4 Bxe4 33.f3 Rd8+ 34.Kc1 Rc8+ 35.Kd2 Rd8+
36.Kc1 Bxb2+ 37.Kxb2 Rd2+ 38.Kc3 Rxe2 39.fxe4 Rxe3+ 40.Kb4 Rxg3 41.Kxb5 Rxb3+
42.Kc4 Rg3 43.h4 Kg7 44.Kd5 h5 45.e5 Rd3+ 46.Ke4 Ra3 47.Kd5 Ra4 48.Rh2 Kf8
49.Rb2 Rxh4 50.Rb8+ Kg7 51.Rb7 Rh1 52.e6 Rd1+ 53.Kc4 Kf6  0-1

[Event "38th Junior"]
[Site "Hallsberg SWE"]
[Date "2003.01.05"]
[Round "9"]
[White "Olsson,L"]
[Black "Vernacki,S"]
[Result "1/2-1/2"]
[WhiteElo "2291"]
[BlackElo "2063"]

1.d4 Nf6 2.c4 c5 3.d5 e6 4.Nc3 exd5 5.cxd5 d6 6.Nf3 g6 7.g3 Bg7 8.Bg2 O-O
9.O-O Re8 10.Nd2 b6 11.Nde4 Nxe4 12.Nxe4 Bf5  1/2-1/2

[Event "Inv. Tens"]
[Site "Wijk aan Zee NED"]
[Date "2003.01.17"]
[Round "1"]
[White "Strating,S"]
[Black "Janssen,R"]
[Result "0-1"]
[WhiteElo "2325"]
[BlackElo "2470"]

1.d4 Nf6 2.c4 e6 3.Nf3 c5 4.d5 exd5 5.cxd5 d6 6.Nc3 g6 7.Bf4 a6 8.a4 Bg7
9.h3 O-O 10.e3 Nh5 11.Bg5 Qb6 12.Ra2 f5 13.Be2 Nd7 14.Nd2 Nhf6 15.Nc4 Qc7
16.Bf4 Ne8 17.a5 Ne5 18.Nb6 Rb8 19.O-O Qe7 20.Qd2 g5 21.Bh2 Nf6 22.Bd3 Nfd7
23.Nxc8 Rbxc8 24.Bb1 g4 25.hxg4 Nxg4 26.Bf4 Nde5 27.Ra4 Ng6 28.f3 N4e5 29.Ne2 Rce8
30.Ng3 Qd7 31.b3 Rf7 32.Qc2 Ref8 33.Nh5 Nxf4 34.Nxf4 Rf6 35.Ne6 R8f7 36.b4 Bh6
37.Nf4 Nc4 38.Re1 Nxe3 39.Rxe3 Bxf4 40.Re2 Re7 41.Ra3 Be5 42.Rxe5 Rxe5 43.bxc5 Qb5
44.Kf2 Qb4 45.Rc3 Qh4+ 46.Kf1 Qh1+ 47.Kf2 Rg6  0-1

[Event "TCh-CZE 2002-3"]
[Site "Czech Rep CZE"]
[Date "2003.01.18"]
[Round "5"]
[White "Sobek,J"]
[Black "Sikora Lerch,J"]
[Result "1/2-1/2"]
[WhiteElo "2309"]
[BlackElo "2346"]

1.d4 c5 2.d5 Nf6 3.c4 e6 4.Nc3 exd5 5.cxd5 d6 6.Nf3 g6 7.h3 Bg7 8.e4 O-O
9.Bd3 b6 10.O-O Ba6 11.Bf4 Ne8 12.Re1 Bxd3 13.Qxd3 Nd7 14.Bg5 f6 15.Be3 a6  1/2-1/2

[Event "TCh2-BEL 2002-3"]
[Site "Belgium BEL"]
[Date "2003.01.20"]
[Round "7"]
[White "Lacrosse,M"]
[Black "Schuermans,R"]
[Result "1-0"]
[WhiteElo "2253"]
[BlackElo "2219"]

1.d4 Nf6 2.c4 c5 3.d5 e6 4.Nc3 exd5 5.cxd5 d6 6.Nf3 g6 7.e4 Bg7 8.Bd3 O-O
9.h3 b5 10.Nxb5 Nxe4 11.O-O a6 12.Qa4 Bd7 13.Qa3 c4 14.Bxe4 Bxb5 15.Re1 a5
16.Bd2 Nd7 17.Bc3 Nf6 18.Nd4 Nxe4 19.Rxe4 Re8 20.Rae1 Rxe4 21.Rxe4 Be8 22.Nc2 Bb5
23.Ne3 Rc8 24.Bxa5 Bxb2 25.Qb4 Qf6 26.Qxb5 c3 27.Re8+ Rxe8 28.Qxe8+ Kg7 29.Qe4 h5
30.Bb6 Kh7 31.a4 Qh8 32.Qe7 c2 33.Qxf7+ Kh6 34.Nf5+  1-0

[Event "Kaissa Open"]
[Site "Kharkov UKR"]
[Date "2003.01.28"]
[Round "7"]
[White "Karanda,K"]
[Black "Simantsev,M"]
[Result "1-0"]
[WhiteElo "2167"]
[BlackElo "2402"]

1.d4 Nf6 2.c4 c5 3.d5 e6 4.Nc3 exd5 5.cxd5 d6 6.Nf3 g6 7.e4 Bg7 8.Bg5 O-O
9.Nd2 Re8 10.Be2 a6 11.a4 Nbd7 12.O-O h6 13.Bh4 g5 14.Bg3 Ne5 15.Qc2 Ng6
16.Nc4 Nf4 17.Bxf4 gxf4 18.h3 Rb8 19.a5 Qe7 20.Bf3 Nd7 21.Bg4 Ne5 22.Bxc8 Rexc8
23.Nb6 Re8 24.f3 Kh8 25.Ne2 Ng6 26.Rab1 Rg8 27.b4 Nh4 28.bxc5 dxc5 29.Kh1 Be5
30.Rf2 Rg5 31.Nc4 Rbg8 32.Nxe5 Qxe5 33.Qb2 f6 34.Qxe5 fxe5 35.Rxb7 Nxg2 36.Rb6 Kh7
37.Rxa6 Ne1 38.Rf1 Nd3 39.Rg1 Rxg1+ 40.Nxg1 c4 41.Rc6 Ra8 42.a6 Nb4 43.Rc7+ Kg6
44.a7 c3 45.Ne2 c2 46.d6  1-0

[Event "National I"]
[Site "Bischwiller FRA"]
[Date "2003.02.01"]
[Round "2"]
[White "Khenkin,I"]
[Black "Ward,C"]
[Result "0-1"]
[WhiteElo "2624"]
[BlackElo "2513"]

1.d4 Nf6 2.Nf3 e6 3.c4 c5 4.d5 d6 5.Nc3 exd5 6.cxd5 g6 7.Bf4 a6 8.e4 b5 9.Qe2 Be7
10.Qc2 O-O 11.a4 b4 12.Nb1 b3 13.Qxb3 Nxe4 14.Bd3 f5 15.O-O Nd7 16.Re1 Rb8
17.Qc2 Rb4 18.Bh6 Re8 19.Bxe4 fxe4 20.Rxe4 Rxe4 21.Qxe4 Bf6 22.Qc2 Ne5 23.Nbd2 Bf5
24.Qb3 Nxf3+ 25.Nxf3 Qb8 26.Qxb8 Rxb8 27.Re1 Rxb2 28.Bf4 c4 29.h3 Rb1 30.Rxb1 Bxb1
31.Bxd6 Be4 32.Kf1 c3 33.Ke2 c2 34.Ba3 Bxf3+ 35.Kxf3 Bg5 36.Ke4 c1=Q 37.Bxc1 Bxc1
38.Ke5 Kf7 39.Kd6 Ba3+ 40.Kd7 Kf6 41.f4 Kf5 42.d6 h5 43.g3 a5  0-1

[Event "11th Aosta Open"]
[Site "Saint Vincent ITA"]
[Date "2003.02.08"]
[Round "1"]
[White "Maurer,F"]
[Black "Cebalo,M"]
[Result "0-1"]
[WhiteElo "2134"]
[BlackElo "2527"]

1.d4 Nf6 2.c4 c5 3.d5 e6 4.Nc3 exd5 5.cxd5 d6 6.Nf3 g6 7.Bf4 a6 8.a4 Bg7
9.e4 Bg4 10.Be2 Bxf3 11.Bxf3 Qe7 12.O-O Nbd7 13.Re1 O-O 14.Qd2 Rab8 15.Be2 Rfe8
16.Bf1 Nh5 17.Be3 Qf8 18.Rab1 Rbc8 19.Be2 Nhf6 20.f3 h5 21.a5 Nh7 22.Kh1 Qe7
23.Na4 f5 24.Bd3 c4 25.Bc2 fxe4 26.Bxe4 Nhf8 27.Rbc1 Ne5 28.Nb6 Rc7 29.Bd4 Qh4
30.Bf2 Qf6 31.Bd4 Nxf3  0-1

[Event "Tch-SWE 2002-3"]
[Site "Sweden SWE"]
[Date "2003.02.08"]
[Round "7"]
[White "Solozhenkin,E"]
[Black "Wedberg,T"]
[Result "1/2-1/2"]
[WhiteElo "2509"]
[BlackElo "2530"]

1.d4 Nf6 2.c4 e6 3.Nf3 c5 4.d5 d6 5.Nc3 exd5 6.cxd5 g6 7.g3 Bg7 8.Bg2 O-O
9.O-O a6 10.a4 Nbd7 11.Nd2 Re8 12.h3 Rb8 13.Nc4 Nb6 14.Na3 Bd7 15.Re1 Qc7
16.e4 Nc8 17.Qd3 Na7 18.Nc4 Nc8 19.Na3 Na7 20.Nc4 Nc8  1/2-1/2

[Event "ch-CZE"]
[Site "Lahucovice CZE"]
[Date "2003.02.18"]
[Round "1"]
[White "Haba,P"]
[Black "Kanovsky,D"]
[Result "1-0"]
[WhiteElo "2516"]
[BlackElo "2271"]

1.d4 Nf6 2.c4 c5 3.d5 e6 4.Nc3 exd5 5.cxd5 d6 6.Nf3 g6 7.Nd2 Bg7 8.e4 O-O
9.Be2 b6 10.O-O Ba6 11.Bxa6 Nxa6 12.Nc4 Qd7 13.a4 Nc7 14.Bf4 Nfe8 15.Re1 f5
16.e5 dxe5 17.Nxe5 Bxe5 18.Bxe5 Nd6 19.Qb3 Rab8 20.h4 Rfe8 21.h5 Re7 22.hxg6 hxg6
23.Nb5 Ncxb5 24.Qg3 Qe8 25.axb5 Rbb7 26.f3 Nxb5 27.Bf6 Kf7 28.Bxe7 Rxe7 29.Qh4 a5
30.Kf2 Nd4 31.Qh7+ Kf6 32.Rxe7 Qxe7 33.Qh8+ Kf7 34.Re1 Qf6 35.Qe8+ Kg7 36.Rh1  1-0

[Event "ch-CZE"]
[Site "Lahucovice CZE"]
[Date "2003.02.20"]
[Round "3"]
[White "Berezjuk,S"]
[Black "Kanovsky,D"]
[Result "1-0"]
[WhiteElo "2448"]
[BlackElo "2271"]

1.d4 Nf6 2.c4 c5 3.d5 e6 4.Nc3 exd5 5.cxd5 d6 6.Nf3 g6 7.Bg5 Bg7 8.Nd2 O-O
9.e3 Qd7 10.e4 b6 11.Bb5 Qc7 12.Be2 Ba6 13.O-O Ne8 14.Bxa6 Nxa6 15.Qe2 Qb7
16.Nc4 Qd7 17.a4 Nac7 18.Bf4 Rb8 19.Rfe1 a6 20.Qd2 b5 21.Na5 bxa4 22.Nc6 Rb7
23.Rxa4 Nb5 24.Rxa6 Nec7 25.Raa1 Nd4 26.Nxd4 Bxd4 27.Be3 Bg7 28.Ra2 Rfb8
29.Bf4 Nb5 30.Nxb5 Rxb5 31.e5 dxe5 32.Bxe5 Bxe5 33.Rxe5 Qb7 34.h4 Rxb2 35.Rxb2 Qxb2
36.Qe3 Qa1+ 37.Kh2 Qd4 38.Qxd4 cxd4 39.d6 Rd8 40.Rd5 f6 41.f4 f5 42.Kg3 Kf7
43.h5 Ke6 44.Rxd4 Rxd6 45.Rxd6+ Kxd6 46.Kh4 gxh5 47.Kg5 Ke6 48.g3 Kf7 49.Kxh5 Kg7
50.Kg5 h6+ 51.Kxf5 Kf7 52.g4 Kg7 53.Ke6  1-0

[Event "Open"]
[Site "Portsmouth ENG"]
[Date "2003.02.23"]
[Round "5"]
[White "Crouch,C"]
[Black "Povah,N"]
[Result "0-1"]
[WhiteElo "2388"]
[BlackElo "2360"]

1.d4 Nf6 2.c4 e6 3.Nf3 c5 4.d5 exd5 5.cxd5 d6 6.Nc3 g6 7.e4 a6 8.a4 Bg4 9.Qb3 Bxf3
10.Qxb7 Nbd7 11.gxf3 Bg7 12.Qb3 O-O 13.Qd1 Nh5 14.f4 Qh4 15.Qf3 f5 16.exf5 Rxf5
17.Qh3 Re8+ 18.Be3 Bxc3+ 19.bxc3 Qf6 20.Kd2 Nxf4 21.Bxf4 Rxf4 22.Bxa6 Rxf2+
23.Kd1 Qf4  0-1

[Event "Tch-SWE 2002-3"]
[Site "Sweden SWE"]
[Date "2003.03.01"]
[Round "8"]
[White "Jepson,C"]
[Black "Olsson,L"]
[Result "1-0"]
[WhiteElo "2412"]
[BlackElo "2295"]

1.d4 Nf6 2.Nf3 e6 3.c4 c5 4.d5 d6 5.Nc3 exd5 6.cxd5 g6 7.Bf4 Bg7 8.Qa4+ Bd7
9.Qb3 Qc7 10.h3 O-O 11.e3 Re8 12.Nd2 Nh5 13.Bh2 f5 14.Be2 b5 15.Nxb5 Bxb5
16.Qxb5 Nd7 17.Nc4 Ne5 18.Bxe5 Bxe5 19.O-O Rab8 20.Qc6 Qe7 21.Bxh5 gxh5 22.f4 Bxb2
23.Rab1 Rb4 24.Rxb2 Rxc4 25.Rb7 Qxe3+ 26.Kh2 Re7 27.Qc8+ Kg7 28.Rf3  1-0

[Event "FSGM March"]
[Site "Budapest HUN"]
[Date "2003.03.08"]
[Round "8"]
[White "Horvath,P1"]
[Black "Brustkern,J"]
[Result "1-0"]
[WhiteElo "2458"]
[BlackElo "2331"]

1.d4 Nf6 2.c4 c5 3.d5 e6 4.Nc3 exd5 5.cxd5 d6 6.Nf3 g6 7.Nd2 Nbd7 8.e4 Bg7
9.Be2 O-O 10.O-O Re8 11.a4 a6 12.Re1 Rb8 13.Qc2 Ne5 14.Ra3 g5 15.Nf1 h6 16.Ng3 Ng6
17.Bd2 Ng4 18.Nd1 N4e5 19.Ne3 Nf4 20.Nef5 Bf8 21.a5 Bd7 22.Bf1 Rc8 23.Qc1 Neg6
24.h4 f6 25.h5 Bxf5 26.hxg6 Bxg6 27.Bxf4 gxf4 28.Qxf4 Re5 29.Qg4 Rg5 30.Qh3 Be8
31.Nf5 Rc7 32.Ree3 Rh7 33.f4 Rg6 34.Rg3 Kh8 35.Rg4 h5 36.Rh4 Rg8 37.Be2 Bg6
38.Bxh5 Bxf5 39.Qxf5 Rh6 40.Kh2 Rg7 41.Rah3 Rgh7 42.Qe6 f5 43.Qxf5 Be7 44.Rg4 Rf6
45.Qxh7+ Kxh7 46.Bf7+ Rh6 47.Bg8+  1-0

[Event "Jch-RUS b20"]
[Site "Essentuki RUS"]
[Date "2003.03.08"]
[Round "6"]
[White "Grachev,B"]
[Black "Prizant,Ja"]
[Result "1/2-1/2"]
[WhiteElo "2483"]
[BlackElo "2483"]

1.d4 Nf6 2.c4 c5 3.d5 e6 4.Nc3 exd5 5.cxd5 d6 6.Nf3 g6 7.g3 Bg7 8.Bg2 O-O
9.O-O a6 10.a4 Nbd7 11.Nd2 Re8 12.h3 Rb8 13.Nc4 Nb6 14.Na3 Bd7 15.e4 Qc7
16.Be3 Nc8 17.Qd3 Na7 18.Rac1 b5 19.b4 c4 20.Qe2 bxa4 21.Nxc4 Rxb4 22.Na2 Rb7
23.Nb6 Qb8 24.Nxd7 Nxd7 25.Qxa6 a3 26.Nc3 Rc8 27.Rb1 Rcc7 28.Qxa3 Bxc3 29.Rxb7 Qxb7
30.Rc1 Nb5 31.Qb3 Bd4 32.Rxc7 Qxc7 33.Qxb5 Bxe3 34.fxe3 Ne5 35.Qe2 Kg7 36.Qb2 Qc5
37.Qd2 h5 38.Kf2 Qb6 39.Bf1 Qd8 40.Bg2 Qg5 41.Qe2 Qd8 42.Kg1 Kf8 43.Kf2 Qa5
44.Qc2 Qd8 45.Kg1 Kg7 46.Qe2 Qc8 47.Kf2 Qc3 48.Bf1 Kf6 49.Kg1 Qb3 50.Qf2+ Kg7
51.Qe2 Qa4 52.Bg2 Kf8 53.Kf2 Ke7  1/2-1/2

[Event "Jch-RUS b20"]
[Site "Essentuki RUS"]
[Date "2003.03.12"]
[Round "10"]
[White "Evdokimov,Alexa"]
[Black "Kryakvin,D"]
[Result "1-0"]
[WhiteElo "2391"]
[BlackElo "2423"]

1.d4 Nf6 2.c4 c5 3.d5 e6 4.Nc3 exd5 5.cxd5 d6 6.Nf3 g6 7.Nd2 Bg7 8.e4 O-O
9.Be2 Re8 10.O-O Na6 11.f3 Nd7 12.Nc4 Ne5 13.Ne3 f5 14.exf5 gxf5 15.f4 Ng6
16.Kh1 Bd4 17.Nc2 Bg7 18.a4 Nc7 19.Bc4 b6 20.Qf3 a6 21.b4 Bd7 22.bxc5 bxc5
23.Rb1 Rb8 24.Bd2 Qh4 25.g3 Qh3 26.Qd3 Nh8 27.a5 Nf7 28.Rb6 Nh6 29.Ne1 Ng4
30.Nf3 Bd4 31.Rxd6 Bb5 32.Rb6 Kh8 33.Nxb5 axb5 34.Bxb5 Nxd5 35.Bxe8 Rxe8
36.Qxf5 Nc7  1-0

[Event "TCh-CZE 2002-3"]
[Site "Czech Rep CZE"]
[Date "2003.03.16"]
[Round "9"]
[White "Sobek,J"]
[Black "Suchomel,J"]
[Result "1-0"]
[WhiteElo "2309"]
[BlackElo "2260"]

1.d4 Nf6 2.c4 c5 3.d5 e6 4.Nc3 exd5 5.cxd5 d6 6.Nf3 g6 7.Nd2 Bg7 8.e4 O-O
9.Be2 Na6 10.O-O Nc7 11.a4 b6 12.f4 Re8 13.Re1 a6 14.Bf3 Rb8 15.Nc4 b5 16.axb5 Nxb5
17.Nxb5 axb5 18.Na5 Bd7 19.e5 dxe5 20.fxe5 Nh5 21.Bxh5 gxh5 22.Bf4 Ra8 23.Nb7 Qh4
24.Rxa8 Rxa8 25.g3 Qh3 26.Nxc5 Bg4 27.Qd2 Bf3 28.Ne4 Qd7 29.Kf2 Bg4 30.Nc5 Qc8
31.Qd4 Bf8 32.d6 Qc6 33.Ne4 Ra4 34.Qc5 Qb7 35.Nf6+ Kg7 36.Nxg4 hxg4 37.e6 Qf3+
38.Kg1 fxe6 39.Qg5+ Kf7 40.Qh5+ Kg7 41.Qg5+ Kf7 42.Be5 Ke8 43.Rf1 Qe2 44.Rxf8+  1-0

[Event "19th Spring Fest"]
[Site "Budapest HUN"]
[Date "2003.03.17"]
[Round "4"]
[White "Berczes,D"]
[Black "Kayar,E"]
[Result "1-0"]
[WhiteElo "2261"]
[BlackElo "2050"]

1.d4 Nf6 2.c4 c5 3.d5 e6 4.Nc3 exd5 5.cxd5 d6 6.Nf3 g6 7.Nd2 Nbd7 8.e4 Bg7
9.Be2 O-O 10.O-O a6 11.a4 Rb8 12.a5 Ne8 13.f4 Qe7 14.Nc4 Bd4+ 15.Kh1 Bxc3
16.bxc3 Qxe4 17.f5 b5 18.axb6 Nxb6 19.Nxb6 Rxb6 20.Bh6 Bxf5 21.Bxf8 Kxf8
22.Qd2 Kg7 23.Bf3 Qd3 24.Qe1 Nf6 25.Rd1 Qc4 26.Qe7 Qxc3 27.Rde1 Bd3 28.Rg1 h5
29.Qc7 Rb4 30.Re7 Rb1 31.Bd1 Bc2 32.Rxf7+ Kh6 33.Qxd6 Rxd1 34.Rxd1 Ng4 35.Qf4+ g5
36.Qd6+ Bg6 37.Qf8+  1-0

[Event "ch-VIE w"]
[Site "Dong Thap VIE"]
[Date "2003.03.24"]
[Round "5"]
[White "Chau Thi Ngoc Giao"]
[Black "Nguyen Thi Thuan Hoa"]
[Result "1-0"]
[WhiteElo "2173"]
[BlackElo "2207"]

1.d4 Nf6 2.Nf3 c5 3.d5 e6 4.c4 exd5 5.cxd5 d6 6.Nc3 a6 7.a4 g6 8.e4 Bg4 9.Be2 Bxf3
10.Bxf3 Nbd7 11.O-O Bg7 12.Be2 O-O 13.f4 Re8 14.Bd3 Qc7 15.Qf3 c4 16.Bc2 b5
17.axb5 axb5 18.Rxa8 Rxa8 19.Be3 Qb8 20.Ne2 Ne8 21.Nd4 Nc7 22.Qf2 Qe8 23.Bd2 Nc5
24.Re1 Qd7 25.h4 Ra2 26.f5 Rxb2 27.f6 Rxc2 28.Nxc2 Nd3 29.Qf3 Nxe1 30.Bxe1 Bh6
31.Nd4 Na6 32.Qa3 Nc7 33.Nc6 Ne8 34.Qf3 Bc1 35.Bc3 h6 36.h5 g5 37.e5 dxe5
38.Ne7+ Kf8 39.Bb4 Nd6 40.Nf5 Kg8 41.Bxd6 Qa7+ 42.Kh2 Bf4+ 43.Kh3 Qa1 44.Nxh6+ Kh7
45.Qe4+ Kh8 46.Nxf7+ Kg8 47.Qg6+  1-0

[Event "Spring Open"]
[Site "Belgrade YUG"]
[Date "2003.03.31"]
[Round "7"]
[White "Ivanovic,N"]
[Black "Klasan,V"]
[Result "1-0"]
[WhiteElo "2224"]
[BlackElo "2102"]

1.d4 Nf6 2.c4 c5 3.d5 e6 4.Nc3 exd5 5.cxd5 d6 6.Nf3 g6 7.Nd2 Bg7 8.Qa4+ Bd7
9.Qf4 Qe7 10.Nc4 Bf8 11.a4 Na6 12.e4 Nb4 13.Ne3 a6 14.Be2 Bg7 15.O-O O-O
16.Qh4 Nfxd5 17.Qxe7 Nxe7 18.Rd1 Bd4 19.Nc4 d5 20.Nb6 Rad8 21.exd5 Bf5 22.Bc4 Nc2
23.Ra2 Nb4 24.Ra3 Nc8 25.Nxc8 Rxc8 26.Ne2 Be5 27.Ng3 Bd7 28.a5 Rfe8 29.Re3 Bc7
30.Ne4 Bd8 31.Nd6 Rxe3 32.Bxe3 Rb8 33.Bxc5 Bxa5 34.Ne4 Bb5 35.Bxb5 axb5 36.Nf6+ Kg7
37.Bd4 Rd8 38.Bc3 Nc6 39.Nd7+ Bxc3 40.dxc6 Bxb2 41.cxb7 Be5 42.Rd3 Bb8 43.Kf1 f5
44.Ne5 Rxd3 45.Nxd3 Kf6 46.Nb4 Ke6 47.Na6 Kd6 48.Nxb8 Kc7 49.Na6+ Kxb7 50.Nb4 Kb6
51.Ke2 Kc5 52.Nd3+ Kd4 53.Kd2 g5 54.Nb4 g4 55.Nc6+ Ke4 56.Ke2 h5 57.f3+ Kd5
58.Na5 Kd4 59.g3 h4 60.gxh4 gxf3+ 61.Kxf3 Ke5 62.h5 Kf6 63.Kf4 b4 64.h4 Kg7
65.Kxf5 Kh6 66.Kg4 Kg7 67.Kg5 Kh7 68.h6 Kh8 69.Kg6 Kg8 70.h7+ Kh8 71.Nc6 b3
72.Ne5  1-0

[Event "FSGM April"]
[Site "Budapest HUN"]
[Date "2003.04.05"]
[Round "1"]
[White "Seres,L"]
[Black "Ovsejevitsch,S"]
[Result "1/2-1/2"]
[WhiteElo "2440"]
[BlackElo "2517"]

1.d4 Nf6 2.c4 e6 3.Nf3 c5 4.d5 exd5 5.cxd5 d6 6.Nc3 g6 7.e4 Bg7 8.h3 O-O
9.Bd3 b5 10.Bxb5 Nxe4 11.Nxe4 Qa5+ 12.Nfd2 Qxb5 13.Nxd6 Qa6 14.N2c4 Nd7 15.O-O Ne5
16.Nxe5 Bxe5 17.Ne4 Bf5 18.Nxc5 Qc4 19.Be3 Bxb2 20.g4 Bxa1 21.Qxa1 Bxg4 22.Rc1 Qe2
23.Bh6 f6 24.Bxf8 Rxf8 25.hxg4 Qxg4+ 26.Kf1 Qh3+ 27.Kg1 Qg4+ 28.Kf1 Qh3+
29.Kg1  1/2-1/2

[Event "Classics GM"]
[Site "Gausdal NOR"]
[Date "2003.04.05"]
[Round "3"]
[White "Lugovoi,A"]
[Black "Lie,K"]
[Result "0-1"]
[WhiteElo "2563"]
[BlackElo "2430"]

1.d4 Nf6 2.c4 c5 3.d5 e6 4.Nc3 exd5 5.cxd5 d6 6.Nf3 g6 7.Nd2 Bg7 8.e4 O-O
9.Be2 Re8 10.O-O Na6 11.f3 Nc7 12.a4 b6 13.Nc4 Ba6 14.Bg5 Qd7 15.Kh1 Rab8
16.b3 Nh5 17.Rc1 f6 18.Bd2 f5 19.Bd3 f4 20.Ne2 g5 21.b4 Rf8 22.Qc2 Bxc4 23.Bxc4 Be5
24.bxc5 bxc5 25.Rb1 g4 26.fxg4 Qxg4 27.Rf3 Kh8 28.h3 Qg7 29.Rxb8 Rxb8 30.Nxf4 Ng3+
31.Kg1 Rb2 32.Qd3 Nxe4 33.Bc1 Ng5 34.Rf1 Rb8 35.h4 Nf7 36.Nh5 Qg4 37.Rxf7 Qxh5
38.Rxc7 Qxh4 39.g3 Rg8 40.Rc8 Qd4+ 41.Be3 Qa1+  0-1

[Event "FSGM April"]
[Site "Budapest HUN"]
[Date "2003.04.11"]
[Round "7"]
[White "Papp,Ge"]
[Black "Hoffmann,Mi"]
[Result "0-1"]
[WhiteElo "2362"]
[BlackElo "2435"]

1.d4 Nf6 2.c4 e6 3.Nf3 c5 4.d5 d6 5.Nc3 exd5 6.cxd5 g6 7.e4 a6 8.a4 Bg4 9.Qb3 Bxf3
10.Qxb7 Nbd7 11.gxf3 Bg7 12.Qc6 O-O 13.Qxd6 Nh5 14.f4 Re8 15.Be2 Ra7 16.a5 Qh4
17.Bxh5 Qxh5 18.Be3 Rc8 19.Qe7 Bf6 20.Qd6 Qh4  0-1

[Event "GM"]
[Site "Evry FRA"]
[Date "2003.04.11"]
[Round "2"]
[White "Inkiov,V"]
[Black "Abergel,T"]
[Result "1/2-1/2"]
[WhiteElo "2452"]
[BlackElo "2365"]

1.d4 Nf6 2.c4 c5 3.d5 e6 4.Nc3 exd5 5.cxd5 d6 6.Nf3 a6 7.a4 g6 8.Nd2 Nbd7
9.e4 Bg7 10.Be2 O-O 11.O-O Re8 12.Qc2 h6 13.f4 Qc7 14.Nc4 Nb6 15.e5 dxe5
16.d6 Qd8 17.fxe5 Nfd7 18.Bf4 Nxe5 19.Nxe5 Bxe5 20.Bxe5 Rxe5 21.Rad1 Be6
22.a5 Nd7 23.Bf3 Qxa5 24.Bxb7 Rb8 25.Bc6 c4 26.Kh1 Nf8 27.Qd2 Kg7 28.Rde1 Rxe1
29.Rxe1 Qg5 30.Qd4+ Qf6 31.Qc5 Rc8 32.Qb6 Bf5 33.Nd5 Qxd6 34.Qd4+ f6 35.Qa7+ Kh8
36.Qf7 Be6 37.Qxf6+ Kh7 38.Qc3 Bxd5 39.Bxd5 Rc7 40.Bxc4 Nd7 41.b3 Nf6 42.Qf3 Kg7
43.Qa8 Qd4 44.h3 Ra7 45.Qb8 a5 46.Rf1 Rd7 47.Qa8 Qe5 48.Qc6 Re7 49.Qc8 h5
50.Rd1 h4 51.Qd8 Kh6 52.Qd2+ Qg5 53.Qf2 Re4 54.Rf1 Kg7 55.Qa7+ Kh6 56.Qf7 Nh7
57.Qg8 Re7 58.Bd3 Rd7 59.Be4 Re7 60.Rf4 Rg7 61.Qb8 Qg3 62.Qd6 Ng5 63.Qd2 Rd7
64.Qc1 Rd1+ 65.Qxd1 Qxf4 66.Bd5 Qe3 67.Qa1 Qd2 68.Qh8+ Nh7 69.Bg8  1/2-1/2

[Event "FSGM April"]
[Site "Budapest HUN"]
[Date "2003.04.15"]
[Round "11"]
[White "Hoffmann,Mi"]
[Black "Ovsejevitsch,S"]
[Result "1/2-1/2"]
[WhiteElo "2435"]
[BlackElo "2493"]

1.d4 Nf6 2.c4 e6 3.Nf3 c5 4.d5 exd5 5.cxd5 d6 6.Nc3 g6 7.g3 Bg7 8.Bg2 O-O
9.O-O a6 10.a4 Nbd7 11.Nd2 Re8 12.h3 Rb8 13.Nc4 Nb6 14.Na3 Bd7 15.e4 Qc7
16.Be3 Nc8 17.Qd3 Na7 18.Rfc1 b5 19.b4 c4 20.Qd2 bxa4 21.Nxc4 Qxc4 22.Bxa7 Rbc8
23.e5 Rxe5 24.Nxa4 Re2 25.Rxc4 Rxd2 26.Rxc8+ Bxc8 27.Rc1  1/2-1/2

[Event "FSGM May"]
[Site "Budapest HUN"]
[Date "2003.05.08"]
[Round "6"]
[White "Szeberenyi,A"]
[Black "Pilgaard,K"]
[Result "1/2-1/2"]
[WhiteElo "2401"]
[BlackElo "2440"]

1.d4 Nf6 2.Nf3 e6 3.c4 c5 4.d5 exd5 5.cxd5 d6 6.Nc3 g6 7.h3 a6 8.a4 Qe7 9.Bg5 Bg7
10.e3 Nbd7 11.Nd2 h6 12.Bh4 g5 13.Bg3 Ne5 14.Qc2 Nh5 15.Bh2 f5 16.Be2 Qf7
17.f4 gxf4 18.exf4 Nd7 19.Nc4 O-O 20.Nxd6 Qf6 21.O-O Qxd6 22.Bxh5 Rb8 23.Rfe1 Nf6
24.Bf3 b5 25.axb5 axb5 26.Kh1 Bd7 27.Ne2 Rbe8 28.Bg1 c4 29.Bd4 Re7 30.Be5 Rxe5
31.fxe5 Qxe5 32.Nc3 Qg3 33.Re7 Rf7 34.Ne2 Qd6 35.Ra8+ Rf8 36.Rxf8+ Bxf8 37.Rxd7 Qxd7
38.Ng3 Nxd5 39.Qd2 Nf6 40.Qxd7 Nxd7 41.Bc6 Nb6 42.Bxb5 f4 43.Ne2 Bg7 44.Nxf4 Bxb2
45.g4  1/2-1/2

[Event "Capablanca Mem Premier I"]
[Site "Havana CUB"]
[Date "2003.05.09"]
[Round "4"]
[White "Mateo,Ra"]
[Black "Gomez,Fe"]
[Result "1-0"]
[WhiteElo "2444"]
[BlackElo "2401"]

1.d4 Nf6 2.Nf3 c5 3.d5 e6 4.c4 exd5 5.cxd5 d6 6.Nc3 g6 7.e4 Bg7 8.Bf4 O-O
9.Be2 a6 10.a4 Qe7 11.Nd2 Nbd7 12.O-O Ne5  1-0

[Event "Capablanca Mem Premier I"]
[Site "Havana CUB"]
[Date "2003.05.09"]
[Round "4"]
[White "Mateo,Ra"]
[Black "Gomez,Fe"]
[Result "1-0"]
[WhiteElo "2444"]
[BlackElo "2401"]

1.d4 Nf6 2.Nf3 c5 3.d5 e6 4.c4 exd5 5.cxd5 d6 6.Nc3 g6 7.e4 Bg7 8.Bf4 O-O
9.Be2 a6 10.a4 Qe7 11.Nd2 Nbd7 12.O-O Ne5 13.Re1 Nfd7 14.Bg3 g5 15.Nf1 Ng6
16.Bg4 Nde5 17.Bxc8 Raxc8 18.Ne3 c4 19.Nf5 Qf6 20.Rb1 Rfd8 21.Re3 Ne7 22.Nxg7 Kxg7
23.Qd2 N7g6 24.Ne2 Re8 25.Nd4 Kh8 26.Nf5 Ne7 27.Bxe5 Qxe5 28.Rbe1 Rc5 29.Rf3 Ng8
30.Rfe3 h6 31.h4 g4 32.Rg3 h5 33.Re2 Qf6 34.f3 c3 35.bxc3 Rc4 36.Qf4 Rxc3
37.fxg4 Rxg3 38.Qxg3 Re5 39.g5 Qd8 40.Qf3  1-0

[Event "Memorial Day Classic"]
[Site "Los Angeles USA"]
[Date "2003.05.25"]
[Round "3"]
[White "Yanayt,E"]
[Black "Sevillano,E"]
[Result "0-1"]
[WhiteElo "2090"]
[BlackElo "2499"]

1.d4 Nf6 2.c4 c5 3.d5 e6 4.Nc3 exd5 5.cxd5 d6 6.Nf3 g6 7.h3 Bg7 8.e4 O-O
9.Bd3 a6 10.a4 Re8 11.O-O Nbd7 12.Bf4 Qe7 13.Re1 Qf8 14.Bh2 Nh5 15.Qc2 Qe7
16.Qd2 Qf8 17.Qc2 Ne5 18.Nxe5 Bxe5 19.Bxe5 Rxe5 20.Qd2 g5 21.Ne2 Qh6 22.f4 gxf4
23.Rf1 Rg5 24.Nxf4 Nxf4 25.Qxf4 Bxh3 26.Rf2 Qg6 27.Bf1 Re8 28.Re1 Bd7 29.Bd3 Rg4
30.Qd2 Re5 31.Qa5 Be8 32.Qd8 Kg7 33.Re3 Qh6 34.Ref3 Rh5 35.Kf1 Qc1+ 36.Ke2 Qxb2+
37.Ke3 Qd4+ 38.Ke2 Rxe4+ 39.Bxe4 Qxe4+ 40.Kd2 Rxd5+ 41.Kc1 Qe1+ 42.Kb2 Qe5+
43.Ka2 Rd4 44.Qf6+ Qxf6 45.Rxf6 Rxa4+ 46.Kb2 Rd4 47.R6f3 Rb4+ 48.Ka3 d5 49.Rf5 Rd4
50.Re5 Bd7 51.Re7 Ra4+ 52.Kb3 Rb4+  0-1

[Event "Master Open"]
[Site "Ploiesti ROM"]
[Date "2003.05.30"]
[Round "1"]
[White "Stoicescu,H"]
[Black "Doncea,V"]
[Result "0-1"]
[WhiteElo "2069"]
[BlackElo "2202"]

1.d4 c5 2.d5 Nf6 3.c4 e6 4.Nc3 exd5 5.cxd5 d6 6.Nf3 g6 7.Bf4 Bg7 8.Qa4+ Bd7
9.Qb3 Qc7 10.e4 O-O 11.Be2 Na6 12.Nd2 b5 13.Bxb5 Rab8 14.O-O Nh5 15.Bxd6 Qxd6
16.Nc4 Qe7 17.Qa4 Bxb5 18.Nxb5 Nb4 19.Nc3 Nf4 20.g3 Bxc3 21.gxf4 Bd4  0-1

[Event "Golden Cleopatra"]
[Site "Cairo EGY"]
[Date "2003.06.03"]
[Round "3"]
[White "Hamed,As"]
[Black "Hakki,I"]
[Result "0-1"]
[WhiteElo "2088"]
[BlackElo "2450"]

1.d4 Nf6 2.c4 e6 3.Nc3 c5 4.d5 exd5 5.cxd5 d6 6.Nf3 g6 7.Bf4 a6 8.a4 Bg7
9.e4 Bg4 10.Qb3 Bxf3 11.gxf3 Qe7 12.Qb6 Bf8 13.O-O-O Nh5 14.Bxd6 Qxd6 15.Qxb7 Bg7
16.Qxa8 O-O 17.Qb7 Qf4+ 18.Kb1 Bxc3 19.bxc3 Qxf3 20.Bd3 Nf4 21.Qb3 Nxd3 22.c4 Ne5
23.Qxf3 Nxf3 24.Rd3 Nd4 25.f4 Nd7 26.Rd2 Nb6 27.Rc1 Nxa4 28.Rxd4 cxd4 29.Kc2 Nc5
30.Rb1 Rc8 31.e5 a5 32.Rb5 a4 33.d6 Kf8 34.Ra5 d3+ 35.Kd1 Ke8 36.Ra7 Rb8
37.Kd2 Rb2+ 38.Ke3 d2 39.Ke2 Ne4 40.Ra8+ Kd7 41.Ra7+ Kc8 42.Ra8+ Kb7 43.d7 Nc3+
44.Ke3  0-1